[Event "Capablanca Memorial op 53rd"]
[Site "Havana"]
[Date "2018.05.11"]
[Round "3"]
[White "Soto, Miguel Angel"]
[Black "Gomez Fontal, Felix Manuel"]
[Result "1/2-1/2"]
[WhiteElo "2141"]
[BlackElo "2372"]
[PlyCount "77"]
[EventDate "2018.05.09"]
[EventType "swiss"]
[EventRounds "10"]
[EventCountry "CUB"]
[SourceTitle "EXT 2019"]
[Source "ChessBase"]
[SourceDate "2018.10.10"]
[SourceVersion "1"]
[SourceVersionDate "2018.10.10"]
[SourceQuality "1"]

1. d4 Nf6 2. c4 e6 3. Nf3 d5 4. e3 c5 5. Nc3 Nc6 6. a3 a6 7. dxc5 Bxc5 8. b4 Ba7 9. Be2 0-0 10. 0-0 dxc4 11. Qxd8 Rxd8 12. Bxc4 b5 13. Bb3 Bb7 14. Bb2 Rac8 15. Rfd1 Kf8 16. Rac1 Ke7 17. h3 Rxd1+ 18. Rxd1 Nb8 19. Ne5 Nbd7 20. Ne2 Bb8 21. Nxd7 Nxd7 22. Kf1 Ne5 23. Bd4 Bd6 24. f3 g5 25. Ke1 Nc4 26. Bxc4 Rxc4 27. Bf6+ Kxf6 28. Rxd6 Rc2 29. Rd2 Rc7 30. Rd3 Ke5 31. Kd2 f5 32. Nd4 Bd5 33. Nb3 Bc4 34. Rc3 Rd7+ 35. Ke1 f4 36. Nc5 Ra7 37. Nb3 h5 38. Na5 Kd5 39. e4+ 1/2-1/2

[Event "Capablanca Memorial op 50th"]
[Site "Havana"]
[Date "2015.06.18"]
[Round "4"]
[White "Fernandez Cardoso, Alexey"]
[Black "Gomez Fontal, Felix Manuel"]
[Result "0-1"]
[WhiteElo "2468"]
[BlackElo "2359"]
[PlyCount "98"]
[EventDate "2015.06.15"]
[EventType "swiss"]
[EventRounds "10"]
[EventCountry "CUB"]
[SourceTitle "EXT 2016"]
[Source "ChessBase"]
[SourceDate "2015.10.08"]
[SourceVersion "1"]
[SourceVersionDate "2015.10.08"]
[SourceQuality "1"]

1. e4 e5 2. Nf3 Nc6 3. Bb5 f5 4. Nc3 fxe4 5. Nxe4 Nf6 6. Qe2 d5 7. Nxf6+ gxf6 8. d4 Bg7 9. dxe5 0-0 10. Bxc6 bxc6 11. e6 Re8 12. 0-0 Rxe6 13. Qd3 c5 14. Rd1 c6 15. c4 Ba6 16. b3 Qe8 17. Be3 Bf8 18. Rac1 Qh5 19. Qd2 d4 20. Bf4 Rae8 21. Re1 Bc8 22. Rxe6 Bxe6 23. Re1 Bg4 24. Rxe8 Qxe8 25. Ne1 Bf5 26. f3 h5 27. Kf2 Qe6 28. h3 h4 29. Nd3 Bd6 30. Bxd6 Qxd6 31. Qf4 Qxf4 32. Nxf4 Kf7 33. Ke1 Ke7 34. Kd2 Kd6 35. Ne2 Ke5 36. Ng1 a5 37. a4 Bg6 38. Ne2 d3 39. Nc3 Kf4 40. Nd1 Kg3 41. Ne3 Kf2 42. f4 Be4 43. f5 Bxg2 44. Ng4+ Kf1 45. Ne3+ Kg1 46. Kxd3 Bxh3 47. Ke4 Bg2+ 48. Kf4 h3 49. Kg3 h2 0-1

[Event "Capablanca Memorial op 50th"]
[Site "Havana"]
[Date "2015.06.17"]
[Round "3"]
[White "Gomez Fontal, Felix Manuel"]
[Black "Almeida Quintana, Omar"]
[Result "0-1"]
[WhiteElo "2359"]
[BlackElo "2486"]
[PlyCount "72"]
[EventDate "2015.06.15"]
[EventType "swiss"]
[EventRounds "10"]
[EventCountry "CUB"]
[SourceTitle "EXT 2016"]
[Source "ChessBase"]
[SourceDate "2015.10.08"]
[SourceVersion "1"]
[SourceVersionDate "2015.10.08"]
[SourceQuality "1"]

1. d4 d6 2. e4 Nf6 3. Nc3 e5 4. Nf3 exd4 5. Nxd4 Be7 6. Be2 0-0 7. 0-0 Re8 8. Re1 Bf8 9. Bf1 c6 10. Bg5 h6 11. Bh4 Nbd7 12. a4 a5 13. f4 Qb6 14. Qd2 d5 15. exd5 Rxe1 16. Rxe1 Bc5 17. Bf2 cxd5 18. Nb3 Bxf2+ 19. Qxf2 Qxf2+ 20. Kxf2 Nb6 21. Nd4 Bd7 22. Bb5 Rc8 23. Bxd7 Nbxd7 24. Nf5 Kf8 25. Kf3 Nb6 26. Nd6 Rc7 27. g4 Rd7 28. Ncb5 Nxa4 29. Ra1 Nxb2 30. Rxa5 g6 31. Ra8+ Kg7 32. g5 hxg5 33. fxg5 Nh7 34. Rb8 Nc4 35. Nxb7 Ne5+ 36. Kg2 Nc6 0-1

[Event "Capablanca Memorial op 49th"]
[Site "Havana"]
[Date "2014.05.09"]
[Round "2"]
[White "Gomez Fontal, Felix Manuel"]
[Black "Obregon Rivero, Juan Carlos"]
[Result "0-1"]
[WhiteElo "2353"]
[BlackElo "2509"]
[PlyCount "75"]
[EventDate "2014.04.08"]
[EventType "swiss"]
[EventRounds "10"]
[EventCountry "CUB"]
[SourceTitle "CBM 160 Extra"]
[Source "ChessBase"]
[SourceDate "2014.07.01"]
[SourceVersion "1"]
[SourceVersionDate "2014.07.01"]
[SourceQuality "1"]

1. d4 Nf6 2. Nf3 g6 3. c4 Bg7 4. Nc3 0-0 5. e4 d6 6. h3 e5 7. dxe5 dxe5 8. Qxd8 Rxd8 9. Bg5 c6 10. Nxe5 Re8 11. 0-0-0 h6 12. Bh4 Na6 13. Nf3 Nc5 14. e5 Nfd7 15. Bg3 Nxe5 16. Nxe5 Bxe5 17. Bxe5 Rxe5 18. Rd8+ Kg7 19. Be2 Re7 20. Bf3 Ne6 21. Re1 Nxd8 22. Rxe7 Be6 23. b3 Rc8 24. Re8 f5 25. g4 Bf7 26. Re3 Kf6 27. gxf5 gxf5 28. Rd3 Ne6 29. Rd7 Nc5 30. Rd6+ Be6 31. h4 Nd7 32. Kd2 Ne5 33. Be2 Rg8 34. Nd5+ cxd5 35. cxd5 Re8 36. f4 Nf7 37. Rxe6+ Rxe6 38. dxe6 0-1

[Event "Capablanca Memorial op 49th"]
[Site "Havana"]
[Date "2014.05.08"]
[Round "1"]
[White "Gonzalez Ochoa, Yoana"]
[Black "Gomez Fontal, Felix Manuel"]
[Result "0-1"]
[WhiteElo "2127"]
[BlackElo "2353"]
[PlyCount "78"]
[EventDate "2014.04.08"]
[EventType "swiss"]
[EventRounds "10"]
[EventCountry "CUB"]
[SourceTitle "CBM 160 Extra"]
[Source "ChessBase"]
[SourceDate "2014.07.01"]
[SourceVersion "1"]
[SourceVersionDate "2014.07.01"]
[SourceQuality "1"]

1. e4 e5 2. Nf3 Nc6 3. Bb5 a6 4. Ba4 Nf6 5. 0-0 Be7 6. Bxc6 dxc6 7. d3 Bd6 8. b3 0-0 9. Bb2 Re8 10. Nbd2 b5 11. Re1 c5 12. Nf1 Nh5 13. Ne3 Nf4 14. a4 c6 15. Qd2 f6 16. Nh4 Bf8 17. g3 Nh3+ 18. Kh1 Be6 19. Qe2 Qc7 20. Rf1 Rad8 21. Nef5 c4 22. Qg4 Ng5 23. f4 Nf7 24. Ba3 c5 25. bxc4 bxc4 26. dxc4 Bxc4 27. Rfd1 Be6 28. Qf3 exf4 29. gxf4 Rxd1+ 30. Rxd1 Qc6 31. Ne3 Qxa4 32. Bb2 Bc8 33. c4 Bb7 34. Nd5 Qxc4 35. Rg1 Rxe4 36. Nxf6+ Kh8 37. Ng6+ hxg6 38. Qh3+ Nh6 39. Nd5 Rd4 0-1

[Event "Capablanca Memorial op-A 48th"]
[Site "Havana"]
[Date "2013.04.29"]
[Round "8"]
[White "Marzo Arias, Valentin"]
[Black "Gomez Fontal, Felix Manuel"]
[Result "1-0"]
[WhiteElo "2227"]
[BlackElo "2373"]
[PlyCount "83"]
[EventDate "2013.04.21"]
[EventType "swiss"]
[EventRounds "10"]
[EventCountry "CUB"]
[SourceTitle "CBM 154 Extra"]
[Source "ChessBase"]
[SourceDate "2013.06.25"]
[SourceVersion "2"]
[SourceVersionDate "2013.06.25"]
[SourceQuality "1"]

1. e4 e5 2. Nc3 Bc5 3. Bc4 Nf6 4. d3 Nc6 5. Nf3 h6 6. Be3 Bb4 7. 0-0 d6 8. a3 Ba5 9. h3 Bxc3 10. bxc3 g5 11. Nh2 Qe7 12. Rb1 b6 13. Qf3 Na5 14. Ba2 Bd7 15. Rfe1 0-0-0 16. g3 Rdg8 17. Ng4 Rg6 18. Kg2 Rh7 19. Nxf6 Rxf6 20. Qe2 Rg6 21. Bd2 g4 22. h4 Bc6 23. d4 Bb7 24. d5 Qd7 25. c4 Qa4 26. Bb4 c5 27. Bb3 Nxb3 28. cxb3 Qd7 29. Bc3 f5 30. b4 f4 31. Qc2 Rf7 32. bxc5 bxc5 33. Rb2 fxg3 34. fxg3 Rgf6 35. Reb1 Qe8 36. Be1 Rf3 37. Rb5 Rc7 38. Ba5 Rd7 39. Qa4 Qe7 40. R5b2 Rf7 41. Qc6+ Kb8 42. Rxb7+ 1-0

[Event "Capablanca Memorial op-A 48th"]
[Site "Havana"]
[Date "2013.04.24"]
[Round "4"]
[White "Gomez Fontal, Felix Manuel"]
[Black "Barros Rivadeneira, Cristhian"]
[Result "1/2-1/2"]
[WhiteElo "2373"]
[BlackElo "2222"]
[PlyCount "158"]
[EventDate "2013.04.21"]
[EventType "swiss"]
[EventRounds "10"]
[EventCountry "CUB"]
[SourceTitle "CBM 154 Extra"]
[Source "ChessBase"]
[SourceDate "2013.06.25"]
[SourceVersion "2"]
[SourceVersionDate "2013.06.25"]
[SourceQuality "1"]

1. d4 Nf6 2. Nf3 g6 3. c4 Bg7 4. Nc3 0-0 5. h3 d6 6. Bf4 b6 7. e4 Bb7 8. Bd3 e6 9. Qd2 c5 10. d5 e5 11. Bg5 Na6 12. g4 Nc7 13. Rg1 a6 14. a4 Bc8 15. Ne2 Rb8 16. Ng3 Kh8 17. b4 cxb4 18. Qxb4 a5 19. Qd2 Na6 20. Ra3 Qc7 21. Nh4 Ng8 22. Be3 Nc5 23. Be2 Qe7 24. Nf3 Bd7 25. Qc2 Rfc8 26. Kf1 Qe8 27. Bd1 Bh6 28. Bxh6 Nxh6 29. Nd2 f6 30. Kg2 Nf7 31. Kh2 Kg7 32. Ngf1 Nd8 33. Ne3 Qe7 34. Qc1 Na6 35. Nb1 Nc5 36. Bc2 Nf7 37. Nc3 Rh8 38. Qd1 Rbg8 39. Rg3 Kf8 40. Qb1 Qd8 41. Bd1 Ke7 42. Ra2 Qc7 43. Rb2 Rb8 44. h4 Na6 45. Nb5 Bxb5 46. Rxb5 Nc5 47. Bc2 Qd8 48. Qd1 Kd7 49. Qf3 Qe7 50. Kg2 Kc7 51. Nd1 Rhd8 52. Nc3 Kb7 53. Rb1 Nh8 54. Qe3 g5 55. h5 Nf7 56. Rb2 Nh6 57. f3 Ka6 58. Rh3 Qd7 59. Kg3 Ng8 60. Rh1 Ne7 61. Rhb1 Qc7 62. Rb5 Nc8 63. Nd1 Na7 64. R5b2 Nc8 65. Qc3 Ka7 66. Rb5 Ka8 67. Ne3 Ne7 68. Qb2 Ka7 69. Nd1 Rb7 70. Nc3 Rdb8 71. Qc1 Ka8 72. Qe1 h6 73. Qe3 Nc8 74. R5b2 Qd8 75. Nd1 Qc7 76. Qc3 Ne7 77. Rb5 Nc8 78. Ne3 Ne7 79. Qb2 Qd8 1/2-1/2

[Event "Capablanca Memorial op-A 48th"]
[Site "Havana"]
[Date "2013.04.21"]
[Round "1"]
[White "Rivera, Ingris"]
[Black "Gomez Fontal, Felix Manuel"]
[Result "1-0"]
[WhiteElo "2165"]
[BlackElo "2373"]
[PlyCount "81"]
[EventDate "2013.04.21"]
[EventType "swiss"]
[EventRounds "10"]
[EventCountry "CUB"]
[SourceTitle "CBM 154 Extra"]
[Source "ChessBase"]
[SourceDate "2013.06.25"]
[SourceVersion "2"]
[SourceVersionDate "2013.06.25"]
[SourceQuality "1"]

1. d4 Nf6 2. Bg5 Ne4 3. Bf4 d5 4. f3 Nf6 5. Nc3 e6 6. e4 dxe4 7. fxe4 Bb4 8. Bd3 0-0 9. Nf3 Nc6 10. e5 Nh5 11. Be3 f5 12. a3 Be7 13. Qd2 a6 14. Ne2 b5 15. c4 Bb7 16. 0-0 b4 17. Bc2 Rb8 18. Rfd1 Na5 19. b3 Bxf3 20. gxf3 Nc6 21. a4 g5 22. Kh1 Kh8 23. Rg1 f4 24. Qd3 Rf5 25. Bf2 Ng7 26. Rg2 Qe8 27. Rag1 Rd8 28. Qe4 Qd7 29. h4 h6 30. Nxf4 Kg8 31. Ng6 Kf7 32. hxg5 hxg5 33. Nxe7 Kxe7 34. Qg4 Rh8+ 35. Rh2 Rxh2+ 36. Kxh2 Rf7 37. Bg6 Kf8 38. Bxf7 Qxf7 39. Qxg5 Nf5 40. Rg4 Qh7+ 41. Kg2 1-0

[Event "Capablanca Memorial op-A 46th"]
[Site "Havana"]
[Date "2011.05.17"]
[Round "6"]
[White "Gomez Fontal, Felix Manuel"]
[Black "Corrales Jimenez, Zenia"]
[Result "1-0"]
[WhiteElo "2417"]
[BlackElo "2182"]
[PlyCount "83"]
[EventDate "2011.05.11"]
[EventType "swiss"]
[EventRounds "10"]
[EventCountry "CUB"]
[SourceTitle "CBM 142 Extra"]
[Source "ChessBase"]
[SourceDate "2011.06.27"]
[SourceVersion "1"]
[SourceVersionDate "2011.06.27"]
[SourceQuality "1"]

1. d4 Nf6 2. Nf3 g6 3. Bg5 Bg7 4. Nbd2 d5 5. e3 0-0 6. Be2 Nbd7 7. c4 dxc4 8. Bxc4 c5 9. 0-0 h6 10. Bh4 cxd4 11. exd4 Nb6 12. Bb3 g5 13. Bg3 g4 14. Ne5 Qxd4 15. Qc2 Nfd7 16. Nd3 Nd5 17. Rae1 N7f6 18. Be5 Qb6 19. Nf4 Nxf4 20. Bxf4 Bd7 21. Rxe7 Qb4 22. Rxd7 Nxd7 23. Nc4 Rfc8 24. Qe2 Nf6 25. g3 Qb5 26. Rc1 Re8 27. Qd1 Rad8 28. Qc2 Rc8 29. Qb1 Red8 30. Nd6 Rxc1+ 31. Qxc1 Qc6 32. Qxc6 bxc6 33. Nxf7 Ra8 34. Ne5+ Kf8 35. Nxc6 a6 36. Nd4 Nh5 37. Ne6+ Ke8 38. Nxg7+ Nxg7 39. Bxh6 Nf5 40. Bg5 Nd6 41. Bf6 Rc8 42. Be6 1-0

[Event "Havana Province-ch 1st Cat"]
[Site "Havana"]
[Date "2010.11.08"]
[Round "17"]
[White "Gomez Fontal, Felix Manuel"]
[Black "Olivera Medrano, Joan"]
[Result "1/2-1/2"]
[WhiteElo "2377"]
[BlackElo "2377"]
[PlyCount "74"]
[EventDate "2010.10.19"]
[EventType "tourn"]
[EventRounds "17"]
[EventCountry "CUB"]
[EventCategory "5"]
[SourceTitle "EXT 2019"]
[Source "ChessBase"]
[SourceDate "2018.10.10"]
[SourceVersion "1"]
[SourceVersionDate "2018.10.10"]
[SourceQuality "1"]

1. e4 e5 2. Nf3 Nc6 3. Bb5 Nf6 4. 0-0 Nxe4 5. d4 Nd6 6. Bxc6 dxc6 7. dxe5 Nf5 8. Qxd8+ Kxd8 9. Rd1+ Ke8 10. Nc3 h6 11. b3 Bb4 12. Bb2 Be6 13. Ne2 Rd8 14. Rxd8+ Kxd8 15. Rd1+ Kc8 16. Nf4 Rd8 17. Rxd8+ Kxd8 18. Nxe6+ fxe6 19. Kf1 Kd7 20. a3 Be7 21. h3 h5 22. Ke2 h4 23. Kd3 Bc5 24. Ke2 Be7 25. Nd2 c5 26. Ne4 b6 27. c3 c4 28. bxc4 Kc6 29. Kd3 a6 30. g4 hxg3 31. fxg3 Nh6 32. c5 Bxc5 33. Nxc5 Kxc5 34. c4 b5 35. Bd4+ Kc6 36. Kc3 Nf5 37. Bf2 Ne7 1/2-1/2

[Event "Havana Province-ch 1st Cat"]
[Site "Havana"]
[Date "2010.10.28"]
[Round "9"]
[White "Gomez Fontal, Felix Manuel"]
[Black "Mendez Fortes, Eduardo Jesus"]
[Result "1/2-1/2"]
[WhiteElo "2377"]
[BlackElo "2316"]
[PlyCount "43"]
[EventDate "2010.10.19"]
[EventType "tourn"]
[EventRounds "17"]
[EventCountry "CUB"]
[EventCategory "5"]
[SourceTitle "EXT 2019"]
[Source "ChessBase"]
[SourceDate "2018.10.10"]
[SourceVersion "1"]
[SourceVersionDate "2018.10.10"]
[SourceQuality "1"]

1. e4 e6 2. d4 d5 3. Nd2 Nf6 4. e5 Nfd7 5. f4 c5 6. c3 Nc6 7. Ndf3 Qb6 8. g3 cxd4 9. cxd4 Bb4+ 10. Kf2 Be7 11. Kg2 0-0 12. Bd3 f6 13. Ne2 fxe5 14. fxe5 Kh8 15. Bc2 Qd8 16. Nf4 Nb6 17. h4 g6 18. a3 a6 19. b3 Kg8 20. Qd3 Rf7 21. Bd2 a5 22. Raf1 1/2-1/2

[Event "Havana Province-ch 1st Cat"]
[Site "Havana"]
[Date "2010.10.22"]
[Round "4"]
[White "Gomez Fontal, Felix Manuel"]
[Black "Aguero Jimenez, Luis Lazaro"]
[Result "1-0"]
[WhiteElo "2377"]
[BlackElo "2403"]
[PlyCount "97"]
[EventDate "2010.10.19"]
[EventType "tourn"]
[EventRounds "17"]
[EventCountry "CUB"]
[EventCategory "5"]
[SourceTitle "EXT 2019"]
[Source "ChessBase"]
[SourceDate "2018.10.10"]
[SourceVersion "1"]
[SourceVersionDate "2018.10.10"]
[SourceQuality "1"]

1. d4 d5 2. Nf3 Nf6 3. c4 dxc4 4. e3 e6 5. Bxc4 a6 6. a4 c5 7. 0-0 Nc6 8. Qe2 Qc7 9. Nc3 Bd6 10. h3 0-0 11. Bd2 b6 12. Rac1 Bb7 13. Rfd1 h6 14. Be1 Qe7 15. d5 exd5 16. Nxd5 Nxd5 17. Bxd5 Rad8 18. Bc3 Bc7 19. Qc4 Kh7 20. Rd2 Rd6 21. Rcd1 Rfd8 22. Bxf7 b5 23. axb5 axb5 24. Qxc5 g6 25. Bb3 b4 26. Bxb4 Nxb4 27. Qxb4 Bxf3 28. gxf3 Qg5+ 29. Kh1 Rxd2 30. Rxd2 Rxd2 31. Qxd2 Qf5 32. f4 Qxh3+ 33. Kg1 Qg4+ 34. Kf1 Qh3+ 35. Ke2 Qg4+ 36. Kd3 Qf5+ 37. Kc4 h5 38. Qd5 Qc8 39. Kd3 h4 40. Qe6 Qd8+ 41. Ke2 Qf8 42. Bc2 Qg7 43. b4 Bd8 44. f5 Bf6 45. fxg6+ Kh6 46. b5 Bg5 47. f4 Bd8 48. Kf3 Qa1 49. g7+ 1-0

[Event "Capablanca Memorial op 45th"]
[Site "Havana"]
[Date "2010.06.16"]
[Round "6"]
[White "Gomez Fontal, Felix Manuel"]
[Black "Campos Vila, Milena"]
[Result "1-0"]
[WhiteElo "2376"]
[BlackElo "2178"]
[PlyCount "101"]
[EventDate "2010.06.10"]
[EventType "swiss"]
[EventRounds "10"]
[EventCountry "CUB"]
[SourceTitle "CBM 137 Extra"]
[Source "ChessBase"]
[SourceDate "2010.09.01"]
[SourceVersion "1"]
[SourceVersionDate "2010.09.01"]
[SourceQuality "1"]

1. d4 Nf6 2. Nf3 g6 3. c4 Bg7 4. Nc3 0-0 5. h3 d6 6. Bf4 c6 7. e3 Qa5 8. Qd2 Nbd7 9. a3 Re8 10. Be2 e5 11. Bh2 Qc7 12. Qc2 b6 13. 0-0 Bb7 14. b4 Qd8 15. Rfd1 Qe7 16. Rac1 Rec8 17. Qb3 Rab8 18. Rc2 c5 19. Nb5 Be4 20. Ra2 Ra8 21. Nxd6 Qxd6 22. dxe5 Qe7 23. exf6 Nxf6 24. Bd6 Qe6 25. bxc5 bxc5 26. Rad2 Qe8 27. Bd3 Bc6 28. Bc2 Bxf3 29. gxf3 Qe6 30. Kg2 Nh5 31. Be4 Be5 32. Bxa8 Rxa8 33. Qb7 Re8 34. Qd5 Qf5 35. f4 Nf6 36. Qf3 Bc3 37. Rd3 Ne4 38. Rd5 Qc8 39. Be5 Bxe5 40. Qxe4 Bf6 41. Qf3 Kg7 42. Rd7 Re7 43. Rxe7 Bxe7 44. Qe4 Bf6 45. Rd6 Bb2 46. a4 a5 47. Qd5 Ba3 48. Rd7 Qf8 49. Qe5+ Kh6 50. Qg5+ Kg7 51. Rd8 1-0

[Event "Capablanca Memorial op 45th"]
[Site "Havana"]
[Date "2010.06.13"]
[Round "4"]
[White "Gomez Fontal, Felix Manuel"]
[Black "Hevia Alejano, Carlos Antonio"]
[Result "1-0"]
[WhiteElo "2376"]
[BlackElo "2507"]
[PlyCount "117"]
[EventDate "2010.06.10"]
[EventType "swiss"]
[EventRounds "10"]
[EventCountry "CUB"]
[SourceTitle "CBM 137 Extra"]
[Source "ChessBase"]
[SourceDate "2010.09.01"]
[SourceVersion "1"]
[SourceVersionDate "2010.09.01"]
[SourceQuality "1"]

1. d4 Nf6 2. Nf3 e6 3. c4 b6 4. g3 Ba6 5. b3 Bb4+ 6. Bd2 Be7 7. Bg2 c6 8. Bc3 d5 9. Nbd2 Nbd7 10. 0-0 0-0 11. Re1 c5 12. e4 dxe4 13. Nxe4 Nxe4 14. Rxe4 Bb7 15. Re3 Bf6 16. d5 exd5 17. cxd5 Bxc3 18. Rxc3 Qf6 19. Rac1 Rfe8 20. Qd2 Rad8 21. Rd1 Nf8 22. Rd3 Rd6 23. Ng5 Qg6 24. h4 h6 25. Nh3 Qf6 26. Nf4 Ng6 27. Nxg6 Qxg6 28. Re3 Red8 29. Re5 Qf6 30. Qe1 R6d7 31. h5 Rf8 32. Qe4 Qd8 33. f4 b5 34. Qf5 Rd6 35. Rde1 Qf6 36. Qc2 c4 37. bxc4 bxc4 38. Qxc4 Rdd8 39. Kh2 Rc8 40. Qb4 Qa6 41. a4 Rb8 42. Rb1 Qd3 43. Rb3 Qc2 44. Rb2 Qd1 45. Rd2 Qg4 46. Bh3 Qf3 47. Qe4 Qc3 48. Qd4 Qc1 49. Bg2 Rfd8 50. Re7 Qa3 51. Rde2 Qd6 52. R2e5 a5 53. Qa7 Qb4 54. Qe3 Qxa4 55. Rxf7 Bxd5 56. Bxd5 Rxd5 57. Qa7 Qc2+ 58. Kh3 Qc8+ 59. f5 1-0

[Event "Capablanca Memorial op 45th"]
[Site "Havana"]
[Date "2010.06.10"]
[Round "1"]
[White "Fleites Marti, Yuleikys"]
[Black "Gomez Fontal, Felix Manuel"]
[Result "0-1"]
[WhiteElo "2168"]
[BlackElo "2376"]
[PlyCount "134"]
[EventDate "2010.06.10"]
[EventType "swiss"]
[EventRounds "10"]
[EventCountry "CUB"]
[SourceTitle "CBM 137 Extra"]
[Source "ChessBase"]
[SourceDate "2010.09.01"]
[SourceVersion "1"]
[SourceVersionDate "2010.09.01"]
[SourceQuality "1"]

1. e4 e5 2. Bc4 Nf6 3. Nc3 Nc6 4. d3 Bc5 5. f4 d6 6. Nf3 Bg4 7. Na4 Bb6 8. Nxb6 axb6 9. c3 d5 10. exd5 Nxd5 11. 0-0 exf4 12. Qe1+ Nce7 13. Bxd5 Qxd5 14. Bxf4 c5 15. Ne5 Be6 16. Nc4 Qc6 17. Nd6+ Kf8 18. Qg3 Ng6 19. Rae1 Kg8 20. h4 Rd8 21. Ne4 h6 22. Nf6+ gxf6 23. h5 Kg7 24. hxg6 fxg6 25. Be5 Rhf8 26. c4 Rd7 27. Bc3 Qd6 28. Qf3 Bf5 29. Re3 h5 30. Qf2 Re7 31. Rxe7+ Qxe7 32. Qg3 Qd7 33. Re1 Rf7 34. Re3 Qa4 35. Qd6 Qc6 36. Qd8 Be6 37. Qb8 Qd7 38. Qf4 Bf5 39. d4 g5 40. Rg3 Bg6 41. Qd2 h4 42. Re3 cxd4 43. Qxd4 Qxd4 44. Bxd4 Rd7 45. Bc3 Kf7 46. Re2 Bd3 47. Rd2 f5 48. Rd1 Ke6 49. Kf2 f4 50. Re1+ Kf5 51. Re5+ Kg4 52. Rd5 Rxd5 53. cxd5 h3 54. gxh3+ Kxh3 55. d6 Bb5 56. Be5 Bc6 57. b4 b5 58. a3 Kg4 59. Bf6 Kf5 60. Bd4 g4 61. Bb6 g3+ 62. Kf1 f3 63. Bc7 Bd7 64. Bb6 Ke5 65. Bc5 Kd5 66. Be3 Bh3+ 67. Ke1 f2+ 0-1

[Event "Havana Marcos Cup"]
[Site "Havana"]
[Date "2010.04.22"]
[Round "13"]
[White "Gomez Fontal, Felix Manuel"]
[Black "Figueredo Losada, Leonel"]
[Result "1/2-1/2"]
[WhiteElo "2389"]
[BlackElo "2340"]
[PlyCount "89"]
[EventDate "2010.04.05"]
[EventType "tourn"]
[EventRounds "14"]
[EventCountry "CUB"]
[EventCategory "1"]
[SourceTitle "CBM 136 Extra"]
[Source "ChessBase"]
[SourceDate "2010.07.02"]
[SourceVersion "2"]
[SourceVersionDate "2010.07.15"]
[SourceQuality "1"]

1. d4 d5 2. Nf3 Nf6 3. c4 c6 4. cxd5 cxd5 5. Nc3 Nc6 6. Bf4 Bf5 7. e3 e6 8. Bb5 Nd7 9. 0-0 Be7 10. Rc1 Rc8 11. Bxc6 bxc6 12. Ne5 Nxe5 13. Bxe5 f6 14. Bg3 c5 15. dxc5 Rxc5 16. Qb3 Qc8 17. f3 0-0 18. Rfe1 Qc6 19. Bf2 Rc4 20. Ne2 Bg6 21. e4 Bc5 22. Rxc4 dxc4 23. Qc3 Bxf2+ 24. Kxf2 Rb8 25. Rd1 e5 26. Rd2 Bf7 27. Qe3 Qc7 28. Nc3 a6 29. Ke2 h6 30. h4 h5 31. Kd1 Rd8 32. Nd5 Bxd5 33. exd5 Qa5 34. d6 Qxa2 35. Qc5 Qa4+ 36. Ke2 Qb5 37. Qc7 c3+ 38. Ke3 Rd7 39. Qc8+ Kh7 40. bxc3 Qb6+ 41. Ke2 Rxd6 42. Rxd6 Qxd6 43. Qe8 Kh6 44. Qh8+ Kg6 45. Qe8+ 1/2-1/2

[Event "Havana Portela Memorial"]
[Site "Havana"]
[Date "2010.03.13"]
[Round "10"]
[White "Gomez Fontal, Felix Manuel"]
[Black "Duarte Napoles, Fanny"]
[Result "1/2-1/2"]
[WhiteElo "2389"]
[BlackElo "2345"]
[PlyCount "26"]
[EventDate "2010.03.03"]
[EventType "tourn"]
[EventRounds "11"]
[EventCountry "CUB"]
[EventCategory "4"]
[SourceTitle "EXT 2019"]
[Source "ChessBase"]
[SourceDate "2018.10.10"]
[SourceVersion "1"]
[SourceVersionDate "2018.10.10"]
[SourceQuality "1"]

1. d4 d5 2. c4 c6 3. Nc3 e6 4. Nf3 Nf6 5. Bg5 Be7 6. e3 0-0 7. Bd3 Nbd7 8. 0-0 dxc4 9. Bxc4 b5 10. Bd3 a6 11. Rc1 Bb7 12. Qe2 Rc8 13. Rfd1 c5 1/2-1/2

[Event "Havana Portela Memorial"]
[Site "Havana"]
[Date "2010.03.12"]
[Round "9"]
[White "Aguero Jimenez, Luis Lazaro"]
[Black "Gomez Fontal, Felix Manuel"]
[Result "1-0"]
[WhiteElo "2398"]
[BlackElo "2389"]
[PlyCount "59"]
[EventDate "2010.03.03"]
[EventType "tourn"]
[EventRounds "11"]
[EventCountry "CUB"]
[EventCategory "4"]
[SourceTitle "EXT 2019"]
[Source "ChessBase"]
[SourceDate "2018.10.10"]
[SourceVersion "1"]
[SourceVersionDate "2018.10.10"]
[SourceQuality "1"]

1. e4 e5 2. Nf3 Nc6 3. Bb5 f5 4. Nc3 Nf6 5. exf5 Nd4 6. 0-0 Nxb5 7. Nxb5 d6 8. d4 e4 9. Nh4 Be7 10. Bg5 0-0 11. Qe2 Nd5 12. Bxe7 Qxe7 13. Qh5 Bd7 14. Nc3 Nxc3 15. bxc3 Rf6 16. Qg4 Raf8 17. Rae1 d5 18. c4 Rh6 19. g3 g5 20. f4 Ra6 21. fxg5 Rxa2 22. cxd5 Rxc2 23. Rxe4 Qb4 24. g6 h6 25. Qf4 Qd2 26. Qxd2 Rxd2 27. f6 Bh3 28. Nf5 Bxf5 29. Rxf5 a5 30. Re8 1-0

[Event "Havana Portela Memorial"]
[Site "Havana"]
[Date "2010.03.11"]
[Round "8"]
[White "Gomez Fontal, Felix Manuel"]
[Black "Diaz Hernandez, Heriberto"]
[Result "0-1"]
[WhiteElo "2389"]
[BlackElo "2324"]
[PlyCount "56"]
[EventDate "2010.03.03"]
[EventType "tourn"]
[EventRounds "11"]
[EventCountry "CUB"]
[EventCategory "4"]
[SourceTitle "EXT 2019"]
[Source "ChessBase"]
[SourceDate "2018.10.10"]
[SourceVersion "1"]
[SourceVersionDate "2018.10.10"]
[SourceQuality "1"]

1. d4 d5 2. Nf3 Nf6 3. c4 c6 4. e3 Bf5 5. cxd5 cxd5 6. Nc3 Nc6 7. Bb5 a6 8. Bxc6+ bxc6 9. Ne5 Qb6 10. 0-0 Nd7 11. Na4 Qb5 12. Nxd7 Bxd7 13. Nc5 e6 14. Nxd7 Kxd7 15. Bd2 Be7 16. Bc3 f5 17. Rc1 g6 18. Rc2 a5 19. a3 Rhc8 20. f3 Rf8 21. Re1 Bd6 22. Qd2 a4 23. Qf2 Rab8 24. Qh4 Rf7 25. Rce2 Qd3 26. e4 fxe4 27. fxe4 Rbf8 28. Qg4 Rf4 0-1

[Event "Havana Portela Memorial"]
[Site "Havana"]
[Date "2010.03.04"]
[Round "2"]
[White "Larrua Gonzalez, Fernando Oscar"]
[Black "Gomez Fontal, Felix Manuel"]
[Result "0-1"]
[WhiteElo "2330"]
[BlackElo "2389"]
[PlyCount "68"]
[EventDate "2010.03.03"]
[EventType "tourn"]
[EventRounds "11"]
[EventCountry "CUB"]
[EventCategory "4"]
[SourceTitle "EXT 2019"]
[Source "ChessBase"]
[SourceDate "2018.10.10"]
[SourceVersion "1"]
[SourceVersionDate "2018.10.10"]
[SourceQuality "1"]

1. e4 e5 2. Nf3 Nc6 3. d4 exd4 4. Bc4 Nf6 5. e5 d5 6. Bb5 Ne4 7. Nxd4 Bd7 8. Bxc6 bxc6 9. 0-0 Bc5 10. f3 Ng5 11. f4 Ne4 12. Be3 Bb6 13. Nd2 c5 14. N4f3 Nxd2 15. Qxd2 Bf5 16. Rad1 d4 17. Bf2 Qd5 18. b4 0-0-0 19. bxc5 Qxc5 20. Qe2 Qc3 21. Ne1 h5 22. h3 Kb8 23. Nd3 Qc4 24. Rb1 Rh6 25. Kh2 h4 26. Rb3 Qd5 27. a4 a5 28. Be1 Bd7 29. Nb2 Bc6 30. Bd2 Rg6 31. Rf2 d3 32. Nxd3 Qxb3 33. cxb3 Bxf2 34. Qxf2 Rxd3 0-1